Kajian kualitatif terhadap strategi metakognitif pemahaman bacaan murid di sebuah sekolah rendah /
Saved in:
| Main Author: | |
|---|---|
| Format: | Thesis Book |
| Language: | Malay |
| Published: |
1998.
|
| Online Access: | http://studentsrepo.um.edu.my/id/eprint/626 |
| Tags: |
Add Tag
No Tags, Be the first to tag this record!
|
| LEADER | 01068cam a2200241 a 4500 | ||
|---|---|---|---|
| 001 | u444596 | ||
| 003 | SIRSI | ||
| 008 | 981120s1998 my t 00 may m | ||
| 035 | |a ACH-9379 | ||
| 040 | |a UMM | ||
| 090 | |a LB7 |b UM 1998 Far | ||
| 100 | 0 | 0 | |a Faredah Mahadi. |
| 245 | 1 | 0 | |a Kajian kualitatif terhadap strategi metakognitif pemahaman bacaan murid di sebuah sekolah rendah / |c Faredah binti Mahadi. |
| 260 | |c 1998. | ||
| 300 | |a xii, 129 leaves : |b ill. ; |c 29 cm. | ||
| 502 | |a Dissertation (M.Ed.) -- Fakulti Pendidikan, Universiti Malaya, 1998. | ||
| 504 | |a Bibliography :leaves 102-105 | ||
| 710 | 2 | 0 | |a Universiti Malaya. |b Fakulti Pendidikan. |
| 856 | 4 | 1 | |u http://studentsrepo.um.edu.my/id/eprint/626 |
| 948 | |a 16/09/1999 |b 29/05/2002 | ||
| 596 | |a 1 8 | ||
| 999 | |a LB7 UM 1998 FAR |w LC |c 1 |i A510142713 |d 1/10/2016 |e 1/10/2016 |l STACKS |m P01UTAMA |n 36 |r Y |s Y |t TESIS |u 5/2/2001 | ||
| 999 | |a LB7 UM 1998 FAR |w LC |c 1 |i A506709075 |f 17/8/2020 |g 1 |l STACKS |m P08PENDIDI |r Y |s Y |t TESIS |u 28/2/2001 |1 AHSS |o .CIRCNOTE. Simpanan Di Bilik thesis Blok D |o .STAFF. Tesis disimpan di bilik tesis ( Blok D) | ||
